000 00637nam a2200157 a 4500
001 000028350
005 20200930031549.0
008 110408s1947 dr 000 0 spa d
040 _aDO-SdBNP
_bspa
_cBNPHU
100 1 _aPrats Ramírez, Francisco
_952032
245 1 0 _aSan Martín :
_bejemplar ciudadano de América /
_cFrancisco Prats Ramírez.
260 _aCiudad Trujillo, República Dominicana :
_bPol Hermanos,
_c1947.
300 _a20 p. ;
_ccm.
500 _aDiscurso pronunciado en la solemne sesión conjunta celebrada por el Senado y al aCámara de diputados con motivo del Día Panamericano 14 de abril de 1947
049 _aBNPD
999 _c27842
_d27842